[Event "4NCL Division 4 South"]
[Site "Telford, ENG"]
[Date "2016.05.01"]
[Round "10.99"]
[White "Ross, Stuart"]
[Black "Chan, Nevil"]
[Result "0-1"]
[WhiteElo "1675"]
[BlackElo "2023"]
[PlyCount "84"]
[EventDate "2016.05.01"]

1. e4 b6 2. d4 Bb7 3. Bd3 Nf6 4. Nc3 e6 5. Nf3 Bb4 6. Qe2 d5 7. e5 Ne4 8. Bd2
Nxd2 9. Qxd2 Ba6 10. a3 Be7 11. Ne2 Bxd3 12. Qxd3 c5 13. c3 Qc8 14. O-O Qa6 15.
Qxa6 Nxa6 16. b4 cxd4 17. Nfxd4 Kd7 18. a4 Nb8 19. a5 Nc6 20. Nxc6 Kxc6 21.
Nd4+ Kb7 22. a6+ Kc7 23. b5 Rhc8 24. Nc6 Kd7 25. Rfd1 Rxc6 26. bxc6+ Kxc6 27.
c4 dxc4 28. Rd4 b5 29. Rad1 c3 30. Rc1 b4 31. Rc4+ Bc5 32. Rb1 Rd8 33. Kf1 Rd5
34. Rbxb4 Rd1+ 35. Ke2 Rd2+ 36. Ke1 Kd5 37. Rxc5+ Kxc5 38. Rf4 Rd7 39. Ra4 c2
40. Ra1 Rd1+ 41. Rxd1 cxd1=Q+ 42. Kxd1 Kb6 0-1

[Event "4NCL Division 4 South"]
[Site "Telford, ENG"]
[Date "2016.05.01"]
[Round "10.99"]
[White "Campbell, Mark C"]
[Black "Kitchen, Peter J"]
[Result "1-0"]
[WhiteElo "1953"]
[BlackElo "1682"]
[PlyCount "105"]
[EventDate "2016.05.01"]

1. e4 e6 2. d4 d5 3. e5 c5 4. c3 Nc6 5. Nf3 Qb6 6. a3 Bd7 7. b4 cxd4 8. cxd4
Rc8 9. Be3 Nh6 10. Bd3 Ng4 11. O-O Nxe3 12. fxe3 Be7 13. Nbd2 O-O 14. Nb3 Nb8
15. Qe2 a6 16. Nc5 Bb5 17. Bxb5 axb5 18. Rfc1 Qc6 19. Ra2 b6 20. Nb3 Qd7 21.
Rac2 Rc4 22. Nbd2 Rxc2 23. Rxc2 Nc6 24. Qxb5 Nxe5 25. Qxb6 Nxf3+ 26. Nxf3 Ra8
27. Ne5 Qd6 28. Qb7 Rb8 29. Rc8+ Rxc8 30. Qxc8+ Bf8 31. Nd7 g6 32. Qxf8+ Qxf8
33. Nxf8 Kxf8 34. a4 Ke8 35. b5 Kd7 36. a5 Kc7 37. Kf2 f6 38. Kf3 e5 39. Ke2 e4
40. h4 f5 41. g3 h6 42. Kd2 g5 43. hxg5 hxg5 44. Ke2 g4 45. Kd2 Kb7 46. Kc3 Kc7
47. Kb4 Kc8 48. b6 Kb8 49. a6 Kc8 50. Kb5 f4 51. Kc6 Kb8 52. a7+ Ka8 53. Kc7
1-0

[Event "4NCL Division 4 South"]
[Site "Telford, ENG"]
[Date "2016.05.01"]
[Round "10.99"]
[White "Xu, Edison"]
[Black "Phillips, William"]
[Result "1/2-1/2"]
[WhiteElo "1600"]
[BlackElo "1872"]
[PlyCount "24"]
[EventDate "2016.05.01"]

1. e4 d6 2. d4 Nf6 3. Nc3 g6 4. Bf4 Bg7 5. Bb5+ c6 6. Bc4 b5 7. Bd3 b4 8. Nce2
O-O 9. c4 bxc3 10. Nxc3 d5 11. e5 Nfd7 12. Nf3 12... Bb7 {Unable to reconstruct
remaining moves from one scoresheet handed in. Game drawn after 73 moves.}
1/2-1/2

[Event "4NCL Division 4 South"]
[Site "Telford, ENG"]
[Date "2016.05.01"]
[Round "10.99"]
[White "Ivanov, George"]
[Black "Paul, Christopher"]
[Result "1-0"]
[WhiteElo "1669"]
[BlackElo "1600"]
[PlyCount "85"]
[EventDate "2016.05.01"]

1. e4 c5 2. Nc3 d6 3. f4 Nc6 4. Bc4 e6 5. Nf3 Nge7 6. d3 Ng6 7. O-O Be7 8. Qe1
O-O 9. Qg3 Nd4 10. Nxd4 cxd4 11. Ne2 d5 12. exd5 exd5 13. Bb3 Bf6 14. Qf2 Re8
15. Nxd4 Bg4 16. Be3 Bxd4 17. Bxd4 Re2 18. Qg3 Qh4 19. Qxh4 Nxh4 20. Rf2 Rae8
21. Rxe2 Rxe2 22. Bf2 Ng6 23. g3 b6 24. Re1 Rxe1+ 25. Bxe1 Ne7 26. a4 Bc8 27.
a5 b5 28. Bf2 a6 29. Bc5 Kf8 30. Bxd5 Ke8 31. Bxe7 Kxe7 32. b4 f6 33. Kf2 Kd6
34. Be4 g6 35. Ke3 f5 36. Bf3 h6 37. Kd4 g5 38. c4 bxc4 39. dxc4 gxf4 40. gxf4
Kc7 41. Ke5 Bd7 42. Be2 Bc8 43. Bd3 1-0

[Event "4NCL Division 4 South"]
[Site "Telford, ENG"]
[Date "2016.05.01"]
[Round "10.99"]
[White "Willmoth, Robert F"]
[Black "Balouka Myers, Gabriel"]
[Result "1-0"]
[WhiteElo "2230"]
[BlackElo "1855"]
[PlyCount "63"]
[EventDate "2016.05.01"]

1. e4 c6 2. Nc3 d5 3. Nf3 dxe4 4. Nxe4 Bg4 5. h3 Bxf3 6. Qxf3 Nd7 7. d4 Ngf6 8.
Bc4 e6 9. Be3 Nxe4 10. Qxe4 Nf6 11. Qf3 Bd6 12. O-O-O Qc7 13. Kb1 O-O-O 14. Bb3
c5 15. c4 Kb8 16. Rhe1 cxd4 17. Bxd4 e5 18. Bc3 Qe7 19. c5 Bc7 20. Qe3 Nd7 21.
Rd5 Rhe8 22. Red1 Nf6 23. Rxd8+ Bxd8 24. Ba4 Rf8 25. Bxe5+ Bc7 26. Bd4 Qe4+ 27.
Qxe4 Nxe4 28. f3 Ng3 29. Bf2 f5 30. Rd7 Be5 31. Re7 Bf6 32. Bxg3+ 1-0

[Event "4NCL Division 4 South"]
[Site "Telford, ENG"]
[Date "2016.05.01"]
[Round "10.99"]
[White "Karia, Devin"]
[Black "Villiers, Thomas"]
[Result "0-1"]
[WhiteElo "1712"]
[BlackElo "2115"]
[PlyCount "84"]
[EventDate "2016.05.01"]

1. d4 Nf6 2. Nf3 c5 3. Bf4 cxd4 4. c4 dxc3 5. Nxc3 Nc6 6. e4 Qa5 7. Qd2 d6 8.
Bb5 Bd7 9. O-O g6 10. Rfd1 Bg7 11. Rac1 O-O 12. Bc4 Bg4 13. Qe3 Bxf3 14. Qxf3
Ne5 15. Bxe5 Qxe5 16. Nd5 Rac8 17. b3 b5 18. Bxb5 Nxe4 19. Bc4 Bh6 20. Rc2 Nd2
21. Qc3 Qxc3 22. Rxc3 Rfe8 23. f4 Nxc4 24. bxc4 Kf8 25. Rh3 Bg7 26. Rxh7 Rxc4
27. f5 gxf5 28. Ne3 Rd4 29. Re1 e6 30. Nxf5 exf5 31. Rxe8+ Kxe8 32. Rxg7 Ke7
33. Rg8 Ra4 34. Kf2 Rxa2+ 35. Ke3 Kf6 36. h4 Ra4 37. g3 Rg4 38. Rxg4 fxg4 39.
Kd4 Kg6 40. Kd5 a5 41. Kc4 f5 42. Kb5 f4 0-1

[Event "4NCL Division 4 South"]
[Site "Telford, ENG"]
[Date "2016.05.01"]
[Round "10.99"]
[White "Brozel, Sacha"]
[Black "Balouka Myers, Reuben"]
[Result "1-0"]
[WhiteElo "2050"]
[BlackElo "1667"]
[PlyCount "43"]
[EventDate "2016.05.01"]

1. Nf3 e6 2. d4 d5 3. c4 Bd6 4. e3 f5 5. Bd3 c6 6. O-O Nf6 7. b3 Qe7 8. Bb2 O-O
9. Qc1 Na6 10. Ba3 Ne4 11. Bxd6 Qxd6 12. a3 h6 13. Ne5 g5 14. Nd2 Nb8 15. Bxe4
fxe4 16. f3 exf3 17. Ndxf3 Nd7 18. Qc2 Nxe5 19. Nxe5 Rxf1+ 20. Rxf1 Qe7 21.
Qg6+ Qg7 22. Qe8+ 1-0

[Event "4NCL Division 4 South"]
[Site "Telford, ENG"]
[Date "2016.05.01"]
[Round "10.99"]
[White "Willmoth, Harrison"]
[Black "Pollack, Oscar"]
[Result "0-1"]
[WhiteElo "1667"]
[BlackElo "1967"]
[PlyCount "84"]
[EventDate "2016.05.01"]

1. e4 e6 2. d3 d5 3. Nd2 Nf6 4. g3 b6 5. Ngf3 Bb7 6. e5 Nfd7 7. Bg2 Nc6 8. Qe2
g5 9. g4 Bg7 10. d4 a5 11. Nb3 h6 12. a4 Nb4 13. Qd1 Ba6 14. Bf1 c5 15. Bxa6
Nxa6 16. c3 c4 17. Nbd2 f6 18. Qe2 fxe5 19. Nxe5 Nxe5 20. dxe5 Nc5 21. O-O O-O
22. b3 cxb3 23. Ba3 Rf4 24. Bxc5 bxc5 25. Nxb3 Re4 26. Qf3 Qc7 27. Rfe1 Rf8 28.
Qh3 Ref4 29. Re2 Rf3 30. Qh5 Rxc3 31. Rb1 Rc4 32. f3 Kh7 33. Rc1 Rxc1+ 34. Nxc1
c4 35. Qh3 Bxe5 36. Qf1 Bd4+ 37. Kg2 e5 38. Qh1 e4 39. fxe4 Qf4 40. h3 Qf3+ 41.
Kh2 Be5+ 42. Kg1 Qf1# 0-1

[Event "4NCL Division 4 South"]
[Site "Telford, ENG"]
[Date "2016.05.01"]
[Round "10.99"]
[White "Karia, Rishul"]
[Black "Hung, Dylan"]
[Result "1-0"]
[WhiteElo "1937"]
[BlackElo "1607"]
[PlyCount "59"]
[EventDate "2016.05.01"]

1. e4 c6 2. d4 d5 3. exd5 cxd5 4. Bd3 Nc6 5. c3 Qc7 6. f4 Nf6 7. Nf3 Bd7 8. O-O
e6 9. Ne5 Bd6 10. Nd2 O-O 11. g4 Ne8 12. Ndf3 f6 13. Nxd7 Qxd7 14. Qe1 e5 15.
Bf5 Qc7 16. fxe5 fxe5 17. dxe5 Bc5+ 18. Nd4 Nxd4 19. cxd4 Bxd4+ 20. Kh1 Qe7 21.
Bg5 Qc5 22. b4 Qb6 23. Bxh7+ Kxh7 24. Rxf8 Bf2 25. Qxf2 Qxf2 26. Rxf2 Nc7 27.
Raf1 Ne6 28. Bd2 b5 29. Rf7 Kg8 30. Re7 1-0

[Event "4NCL Division 4 South"]
[Site "Telford, ENG"]
[Date "2016.05.01"]
[Round "10.99"]
[White "Karia, Kamlesh"]
[Black "Lewis, Christopher D"]
[Result "0-1"]
[WhiteElo "1637"]
[BlackElo "1892"]
[PlyCount "66"]
[EventDate "2016.05.01"]

1. e4 c6 2. d4 d5 3. exd5 cxd5 4. Bd3 Nc6 5. Nf3 Bg4 6. O-O Bxf3 7. Qxf3 Nxd4
8. Qe3 Nc6 9. Re1 Nf6 10. Qe2 e6 11. c3 Qc7 12. Nd2 Bd6 13. h3 O-O 14. Nf3 e5
15. Bc2 Rfe8 16. Bg5 Nd7 17. Rad1 h6 18. Bc1 Nf6 19. Nh4 Rad8 20. Nf5 Bf8 21.
g4 e4 22. g5 hxg5 23. Bxg5 Qe5 24. Bxf6 Qxf6 25. Ng3 Ne5 26. Qb5 Nf3+ 27. Kf1
Nxe1 28. Rxe1 Bd6 29. Kg2 Qf3+ 30. Kg1 Bxg3 31. fxg3 Qxg3+ 32. Kf1 Qf3+ 33. Kg1
Re6 0-1

[Event "4NCL Division 4 South"]
[Site "Telford, ENG"]
[Date "2016.05.01"]
[Round "10.99"]
[White "Kolbusz, George"]
[Black "Sahinoz, Giulio O"]
[Result "1-0"]
[WhiteElo "1872"]
[BlackElo "1525"]
[PlyCount "47"]
[EventDate "2016.05.01"]

1. d4 d5 2. c4 e6 3. Nf3 Nf6 4. Nc3 Nbd7 5. cxd5 exd5 6. e3 Be7 7. Bd3 b6 8. b3
Bb7 9. Bb2 c5 10. O-O O-O 11. Rc1 Rc8 12. Ne5 Nxe5 13. dxe5 Nd7 14. Bf5 d4 15.
exd4 cxd4 16. Qxd4 Nc5 17. Qg4 Rc6 18. Rfd1 Qc7 19. Nd5 h5 20. Qxh5 g6 21. Qg4
Qd8 22. Nf6+ Bxf6 23. Rxd8 Bxd8 24. e6 1-0

[Event "4NCL Division 4 South"]
[Site "Telford, ENG"]
[Date "2016.05.01"]
[Round "10.99"]
[White "Balouka-Myers, Raphael"]
[Black "Keady, Mark A"]
[Result "0-1"]
[WhiteElo "1457"]
[BlackElo "1855"]
[PlyCount "110"]
[EventDate "2016.05.01"]

1. c4 e5 2. Nc3 f5 3. g3 Nf6 4. Bg2 Bc5 5. e3 Nc6 6. Nge2 O-O 7. O-O d6 8. Re1
e4 9. Nf4 Ne7 10. d4 Bb4 11. Bd2 g5 12. Nfd5 Nc6 13. Nb5 Nxd5 14. cxd5 Bxd2 15.
Qxd2 Ne7 16. Nc3 Qe8 17. Rac1 Bd7 18. Qc2 Rc8 19. Qb3 b6 20. a4 h5 21. Bf1 h4
22. Nb5 hxg3 23. fxg3 Bxb5 24. Bxb5 Qf7 25. Rf1 c5 26. dxc5 Rxc5 27. Bc4 Ng6
28. Rc2 Ne5 29. Kh1 Rfc8 30. Rfc1 Qc7 31. Rf1 Nf3 32. Rfc1 Qh7 33. Bf1 g4 34.
a5 bxa5 35. Qa4 Qh6 36. b4 axb4 37. Qb3 a5 38. Qb2 Qxe3 39. Be2 Rxc2 40. Rxc2
Rxc2 41. Qxc2 Qc3 42. Qd1 Qe1+ 43. Qxe1 Nxe1 44. Kg1 b3 45. Kf1 b2 46. Kxe1
b1=Q+ 47. Bd1 a4 48. Kd2 a3 49. Bc2 a2 50. Bxb1 axb1=Q 51. Ke2 Qh1 52. Kf2
Qxh2+ 53. Kf1 e3 54. Ke1 Qf2+ 55. Kd1 Qd2# 0-1

[Event "4NCL Division 4 South"]
[Site "Telford, ENG"]
[Date "2016.05.01"]
[Round "10.99"]
[White "Tarr, Steve F"]
[Black "Balouka-Myers, Toby"]
[Result "0-1"]
[WhiteElo "1900"]
[BlackElo "1465"]
[PlyCount "126"]
[EventDate "2016.05.01"]

1. d4 Nf6 2. Bf4 e6 3. e3 Nc6 4. Nf3 Be7 5. c3 O-O 6. Bd3 Nd5 7. Bg3 f5 8. c4
Nb6 9. O-O Bf6 10. Nc3 d6 11. h3 e5 12. dxe5 dxe5 13. c5 e4 14. Bxe4 Qxd1 15.
Rfxd1 fxe4 16. Nxe4 Nd7 17. Nxf6+ Rxf6 18. Rac1 b6 19. cxb6 cxb6 20. Nd4 Nxd4
21. Rxd4 Nf8 22. Rc7 Be6 23. b3 Rf7 24. Rc6 Rc8 25. Rxc8 Bxc8 26. Rd8 Bb7 27.
Bd6 h6 28. f3 Bc6 29. e4 g6 30. Rc8 Bb7 31. Rb8 Bc6 32. Bb4 Kg7 33. Bc3+ Kh7
34. h4 h5 35. Rd8 Kh6 36. Kh2 Bd7 37. f4 Ne6 38. Rh8+ Rh7 39. Rg8 Nxf4 40. Bd2
Rf7 41. g3 Kh7 42. Rd8 Ne6 43. Ra8 Rf2+ 44. Kg1 Rxd2 45. Rxa7 Kg8 46. Rb7 Kf7
47. a4 Nc5 48. Rxb6 Rd4 49. e5 Rd1+ 50. Kf2 Rd2+ 51. Ke1 Rb2 52. Rf6+ Ke7 53.
Rxg6 Bg4 54. a5 Ra2 55. b4 Nd3+ 56. Kf1 Nxb4 57. Rb6 Na6 58. Ke1 Re2+ 59. Kf1
Rxe5 60. Kf2 Rxa5 61. Ke3 Ra3+ 62. Kf4 Nc5 63. Ke5 Nd7+ 0-1

[Event "4NCL Division 4 South"]
[Site "Telford, ENG"]
[Date "2016.05.01"]
[Round "10.99"]
[White "Adjudani, Dara"]
[Black "Maydew, Simon"]
[Result "1/2-1/2"]
[WhiteElo "1240"]
[BlackElo "1817"]
[PlyCount "49"]
[EventDate "2016.05.01"]

1. d4 Nf6 2. c4 e5 3. dxe5 Ng4 4. Nf3 Nc6 5. Nc3 Bb4 6. Qb3 Qe7 7. Bd2 Bxc3 8.
Bxc3 Ngxe5 9. Nxe5 Nxe5 10. e3 O-O 11. c5 b6 12. Qd5 Nc6 13. Bb5 Rb8 14. Bxc6
dxc6 15. Qd4 f6 16. Bb4 b5 17. O-O Rd8 18. Qf4 Be6 19. Qe4 Qd7 20. Qc2 Qd3 21.
Qxd3 Rxd3 22. b3 Rbd8 23. Ba5 R8d7 24. Rac1 Kf7 25. Rfe1 1/2-1/2

[Event "4NCL Division 4 South"]
[Site "Telford, ENG"]
[Date "2016.05.01"]
[Round "10.99"]
[White "Ansari, Athar"]
[Black "Willmoth, Kate"]
[Result "1-0"]
[WhiteElo "1755"]
[BlackElo "932"]
[PlyCount "57"]
[EventDate "2016.05.01"]

1. e4 e5 2. Nf3 Nc6 3. Bc4 Nf6 4. Ng5 d5 5. exd5 Na5 6. Bb5+ Bd7 7. Qe2 Bd6 8.
Bxd7+ Qxd7 9. d4 Qe7 10. Qb5+ c6 11. dxc6 Nxc6 12. d5 a6 13. Qc4 Na7 14. O-O
O-O 15. Nc3 h6 16. Nge4 Rac8 17. Qe2 Rc5 18. Be3 Rcc8 19. Bxa7 Nxe4 20. Nxe4
Qh4 21. Nxd6 Rcd8 22. Bc5 b6 23. Nf5 Qf4 24. Bxf8 Rxf8 25. Ne7+ Kh8 26. d6 Rd8
27. Qxa6 Rxd6 28. Qc8+ Kh7 29. Qg8# 1-0